| 000 | 00625nam a2200169Ia 4500 | ||
|---|---|---|---|
| 005 | 20250424120233.0 | ||
| 008 | 250424s9999 xx 000 0 und d | ||
| 022 | _a07950330 | ||
| 050 | _aHC 1055 .A1 E257/ | ||
| 245 | 0 | _aEconomic update: Nigerian journal of contemporary public policy issues | |
| 260 | _aZaria | ||
| 260 | _bDept. of Economics, Ahmadu Bello University | ||
| 260 | _c2008 | ||
| 300 | _aiii, 288 p. ; 24 cm. | ||
| 650 | _aGovernment spending policy--Nigeria--Periodicals. Wirtschaftswissenschaft. Nigeria--Economic policy--Periodicals. Developing countries--Economic policy--Periodicals. | ||
| 942 | _cSR | ||
| 999 |
_c38167 _d38167 |
||